|
|
|
|
| LEADER |
00000nab a2200000 a 4500 |
| 001 |
vtls000773225 |
| 003 |
SK-MaSNL |
| 005 |
20260304131201.0 |
| 008 |
250429c2001 xo 0 slo |
| 015 |
|
|
|a SNBRB2001/11-31336
|
| 035 |
|
|
|a CLN000125012
|
| 035 |
|
|
|a urn:nbn:sk:snk-ab2188
|
| 035 |
|
|
|a (urnnbn)urn:nbn:sk:snk:ar-a01ec0
|
| 035 |
|
|
|a (uuid)b43bbead-0e1c-4f17-a3fb-df73dff5e5ab
|
| 040 |
|
|
|a SNKBUCL
|b slo
|c SNKBUCL
|e AACR2
|
| 041 |
0 |
|
|a slo
|
| 044 |
|
|
|a xo
|c SK
|
| 080 |
|
|
|a 78.091.4:787.1:787.2:787.3
|2 1997
|
| 080 |
|
|
|a 787.1
|2 1997
|
| 080 |
|
|
|a 787.2
|2 1997
|
| 080 |
|
|
|a 787.3
|2 1997
|
| 100 |
1 |
|
|a Karlíková, Mária,
|d 1943-
|4 aut
|9 8843
|
| 245 |
1 |
0 |
|a Čírenie talentov 2001
|b medzinárodná súťaž a tvorivá dielňa v hre na husliach, viole a violončele - Dolný Kubín, 30. apríl-3. máj
|c Mária Karlíková
|
| 300 |
|
|
|b Fotogr.
|
| 611 |
1 |
7 |
|a Čírenie talentov
|n 5.
|d 2001
|c Dolný Kubín, Slovensko
|2 snkbucl
|9 1073039
|
| 650 |
0 |
7 |
|a hra na husliach
|2 snkbucl
|9 3388
|
| 650 |
0 |
7 |
|a hra na viole
|2 snkbucl
|9 28817
|
| 650 |
0 |
7 |
|a hra na violončele
|2 snkbucl
|9 26135
|
| 655 |
|
7 |
|a články z novín a časopisov
|2 snkbucl
|9 267496
|
| 773 |
0 |
|
|t Hudobný život
|g Roč. 33, č. 6 (2001), s. 13
|x 1335-4140
|
| 850 |
|
|
|a Slovenská národná knižnica
|
| 852 |
|
|
|a Slovenská národná knižnica
|
| 954 |
|
|
|a odborná, vedecká literatúra pôvodná (slovenská)
|2 lita
|
| 958 |
|
|
|a article27
|
| 958 |
|
|
|a OND
|
| 958 |
|
|
|a SK
|
| 958 |
|
|
|a EUIPO
|
| 992 |
|
|
|a RBX
|
| 999 |
|
|
|c 2896305
|d 2898235
|